Films de Michael Haneke par images - Statistiques

Statistiques générales
  • Ce quiz a été pris 31 fois
  • Le résultat moyen est 6 sur 9
Statistiques - réponses
Par images Réponse % Correct
Amour
96%
La Pianiste
86%
Caché
71%
Funny Games U.S
71%
Le Ruban Blanc
71%
Benny's Video
50%
Happy End
50%
Code inconnu
43%
Le Temps du loup
39%
Aucun quiz correspondant
Distribution des résultats
% des personnes avec chaque résultat
Percentile par nombre de réponses
Votre historique - résultats
Vous n’avez pas pris ce quiz